10 najzimniejszych państw Afryki - Statystyki

Ogólne statystyki
  • Ten quiz został rozwiązany 87 razy
  • Średni wynik to 7 z 10
Statystyki odpowiedzi
°C Państwo % Poprawnych
18,5 Republika Południowej Afryki
96%
12,3 Lesotho
85%
22,1 Zambia
74%
20,4 Namibia
73%
22,0 Zimbabwe
72%
21,9 Angola
69%
20,1 Maroko
67%
20,3 Tunezja
64%
18,5 Rwanda
59%
20,2 Burundi
50%
Nie znaleziono quizów pasujących do podanych kryteriów
Rozkład punktacji
Procent ludzi z każdym wynikiem
Percentyl według liczby udzielonych odpowiedzi
Twoja historia wyników
Nie rozwiązałeś tego quizu